[Event "Dortmund Sparkassen op-C 47th"]
[Site "Dortmund"]
[Date "2019.07.16"]
[Round "4"]
[White "Burdot, Yvan"]
[Black "Besou, Mustafa"]
[Result "0-1"]
[WhiteElo "1233"]
[BlackElo "1428"]
[PlyCount "88"]
[EventDate "2019.07.13"]
[EventType "swiss"]
[EventRounds "9"]
[EventCountry "GER"]
[SourceTitle "CBM 192 Extra"]
[Source "Chessbase"]
[SourceDate "2019.11.06"]
[SourceVersion "1"]
[SourceVersionDate "2019.11.06"]
[SourceQuality "1"]

1. e4 e5 2. Nf3 Nc6 3. Bb5 Nd4 4. Nxe5 Nxb5 5. Nxf7 Kxf7 6. Qh5+ g6 7. Qd5+ Kg7 8. Qxb5 c6 9. Qb3 d6 10. d3 Be7 11. 0-0 Bg5 12. f4 Bf6 13. e5 Be7 14. exd6 Qxd6 15. Nc3 Nf6 16. Ne4 Qd4+ 17. Nf2 Qb4 18. Be3 Qxb3 19. axb3 b6 20. Bxb6 a6 21. Bd4 Rd8 22. Bc3 Kf7 23. Bxf6 Bxf6 24. c3 Bf5 25. d4 a5 26. Ra3 Be7 27. Ra4 Bc2 28. Rfa1 Rd5 29. c4 Rxd4 30. Rxa5 Rxa5 31. Rxa5 Bxb3 32. Ra6 Rxc4 33. Nd3 Kf6 34. h3 Bd6 35. Rb6 Bc2 36. Nf2 Bxf4 37. b3 Rc3 38. Rb4 Be3 39. Kf1 Bxf2 40. Kxf2 Bxb3 41. Rb6 Bd5 42. Rb7 h5 43. g3 Rf3+ 44. Ke2 Rxg3 0-1